000
00212 a2200097 4500
001
45987
100
_a
Bailey T
245
_a
Cricketers in the making
260
_a
London
_b
Hutchinson
_c
090
_c
29107
_d
29107
942
_a
NUST-CAE
_c
M
_c
21233
999
_c
281060
_d
281060